Clone Troopers and Stormtroopers by Birth Number - Statistics

General Stats
  • This quiz has been taken 234 times
  • The average score is 8 of 13
Answer Stats
Birth Number Answer % Correct
CC-7567 Rex
97%
CC-2224 Cody
94%
CT-5555 Fives
93%
CT-1409 Echo
79%
FN-2187 Finn
78%
CC-3636 Gree
55%
CC-1004 Wolffe
53%
CC-5052 Bly
52%
CC-1138 Bacara
39%
CC-1119 Appo
33%
CC-8826 Neyo
32%
CT-5385 Tup
32%
FN-2199 Nines
17%
No matching quizzes found
Score Distribution
Percent of People with Each Score
Percentile by Number Answered
Your Score History
You have not taken this quiz